000 00854cam a22002655a 4500
001 016596618
003 OSt
005 20201128023630.0
008 140801s2014 enka frb 001 0 eng d
020 _a9780745639574 (hbk.)
020 _a9780745639581 (pbk.)
040 _aStDuBDS
_beng
_cStDuBDS
_dUk
_dStEdNL
_dEG-ScBUE
082 0 4 _a302.2
_222
_bVOL
100 1 _aVolkmer, Ingrid.
_939332
245 1 4 _aThe global public sphere :
_bpublic communication in the age of reflective interdependence /
_cIngrid Volkmer.
260 _aCambridge ;
_aMalden :
_bPolity Press,
_c2014.
300 _avii, 225 p. :
_bill. ;
_c23 cm.
500 _aIndex : p. 215-225.
504 _aBibliography : p. 195-214.
650 7 _aMass media.
_2BUEsh
_99699
650 7 _aGlobalization.
_2BUEsh
_92820
651 _2BUEsh
653 _bBUSBOL
_cFebruary2016
942 _2ddc
999 _c21137
_d21109